Sporcle's Easiest Asian Capital (per Letter) Quiz Stats

 Plays Quiz Updated Jul 7, 2019

Score 0/16 Timer 02:00
1 Play Today
Hint Answer % Correct
BBeijing
90%
TTokyo
88%
NNew Delhi
68.3%
SSeoul
66.9%
HHanoi
63%
IIslamabad
59.5%
MMoscow
58.8%
JJerusalem
56.5%
Hint Answer % Correct
AAnkara
49.5%
UUlaanbaatar
48%
PPyongyang
46.6%
RRiyadh
43.5%
YYerevan
38%
DDamascus
37.5%
VVientiane
34.4%
KKabul
33.9%

You're not logged in!

Compare scores with friends on all Sporcle quizzes.
OR
Log In

Sporcle TV

Today on Sporcle TV


Watch our educational content, quiz creation guides, and fun videos on Sporcle TV.

Show Comments

Extras

Top Quizzes Today


Score Distribution

Your Account Isn't Verified!

In order to create a playlist on Sporcle, you need to verify the email address you used during registration. Go to your Sporcle Settings to finish the process.

Report this User

Report this user for behavior that violates our Community Guidelines.

Details: